Statistics for Assassin's Creed: Brotherhood Cast

Click here to take the quiz!

General Stats

  • This quiz has been taken 505 times
    (502 since last reset)
  • The average score is 9 of 23

Answer Stats

Answer% Correct
1Ezio Auditore da Firenze
99%
17Cesare Borgia
78%
12Lucrezia Borgia
74%
15Juan Borgia the Elder
70%
4Mario Auditore
67%
7Claudia Auditore da Firenze
58%
5Leonardo da Vinci
57%
3Desmond Miles
52%
19Niccolo Machiavelli
52%
16Gilberto (La Volpe)
46%
2Lucy Stillman
45%
14Rebecca Crane
37%
13Shaun Hastings
37%
18Caterina Sforza
36%
9Bartolomeo d'Alviano
29%
20Cristina Vespucci
18%
22Juno
17%
23Warren Vidic
12%
21Clay Kaczmarek (Subject 16)
7%
6Pope Alexander VI
7%
10Octavian de Valois
5%
8Federico Auditore da Firenze
4%
11Ercole Massimo
3%

Score Distribution

Percentile by Number Answered

Percent of People with Each Score

Your Score History

You have not taken this quiz since the last reset